LEADER 01339nam a2200277 u 4500 001 000000111912 003 CaOOAMICUS 005 20150707113015.0 008 080527s2008 it u000 u ita u 020 $z978-88-8272-3484* 040 $aPUL$bita$dLDB 100 1 $aMelina, Livio,$csac.,$d1952-$0(OLS)http://pul/name/7558 245 10$aCamminare nella luce dell'amore :$bi fondamenti della morale cristiana /$cL. Melina - J. Noriega - J.J. Pérez-Soba. 260 $aSiena :$bCantagalli,$cc2008. 300 $a678 p.$c25 cm 650 4$aMorale cristiana.$0(OLS)http://pul/subject/33527 700 1 $aPérez-Soba Diez Del Corral, Juan,$csac.,$d1964-$0(OLS)http://pul/name/41481 700 1 $aNoriega, José,$csac.,$d1965-$0(OLS)http://pul/name/33840 850 $aPUL 852 $aPUL$W1$xDP2 Religione 3$y114$m248 MELLI 1$j128150$qDDC 21$B126959$CPULBib$Z2$F126959 $H106955 $82 852 $aPUL$W1$xDP1 Fondo S. Lanza$y121$m3 F 14$j166990$qFondi$B167579$CPULBib$Z2$F167579 $HLAN2055 $82 941 1 $a9 941 1 $a1 996 $6020$z978-88-8272-3484*$9(OLS)http://pul/number/138132 996 $6245$aCamminare nella luce dell'amore :$bi fondamenti della morale cristiana$9(OLS)http://pul/title/140726 996 $6260$aSiena :$bCantagalli$9(OLS)http://pul/publisher/48759 LEADER 01131nam a2200265 u 4500 001 000000113607 003 CaOOAMICUS 005 20081021161118.0 008 081021s2008 it u000 u ita u 020 $z978-88-372-2278-9* 040 $aPUL$bita$dLDB 100 1 $aGibellini, Rosino,$d1926-$0(OLS)http://pul/name/11017 245 10$aBreve storia della teologia del XX secolo /$cRosino Gibellini. 260 $aBrescia :$bMorcelliana,$c2008. 300 $a184 p. ;$c21 cm. 490 1 $aTeologia (Morcelliana).$aNuova Serie ;$v10 504 $aBibliografia in nota. 650 4$aTeologia$xStoria$ySec. XX.$0(OLS)http://pul/subject/9804 830 0$aTeologia (Morcelliana).$pNuova Serie ;$v10.$0(OLS)http://pul/title/103309 850 $aPUL 852 $aPUL$W1$xSL Religione 3$y85$m230 GIBRO 1$j129802$qDDC 21$B128858$CPULBib$Z2$F128858 $H108496 $82 941 1 $a9 996 $6020$z978-88-372-2278-9*$9(OLS)http://pul/number/138939 996 $6245$aBreve storia della teologia del XX secolo$9(OLS)http://pul/title/142749 996 $6260$aBrescia :$bMorcelliana$9(OLS)http://pul/publisher/47854